[Event "WCO 2016"]
[Site "?"]
[Date "2016.09.11"]
[Round "9"]
[Board "2"]
[WhiteID "13702467"]
[White "Utegaliyev Azamat"]
[BlackID "3204405"]
[Black "Ly Moulthun"]
[Result "1/2-1/2"]
[BlackElo "2513"]
[WhiteElo "2513"]
[LiveChessVersion "1.4.8"]

1. e4 {[%clk 1:30:57]} g6 {[%clk 1:29:50]} 2. d4 {[%clk 1:30:49]} Bg7
{[%clk 1:30:14]} 3. Nc3 {[%clk 1:31:02]} d6 {[%clk 1:30:38]} 4. g3
{[%clk 1:26:48]} Nf6 {[%clk 1:27:20]} 5. Bg2 {[%clk 1:27:06]} O-O
{[%clk 1:27:39]} 6. Nge2 {[%clk 1:27:22]} e5 {[%clk 1:27:14]} 7. h3
{[%clk 1:25:07]} Nc6 {[%clk 1:27:14]} 8. Be3 {[%clk 1:22:34]} a6 {[%clk 1:25:41]}
9. O-O {[%clk 1:20:45]} exd4 {[%clk 1:21:39]} 10. Nxd4 {[%clk 1:21:06]} Bd7
{[%clk 1:21:58]} 11. Nde2 {[%clk 1:10:34]} Qc8 {[%clk 1:20:00]} 12. g4
{[%clk 1:07:51]} h5 {[%clk 1:20:05]} 13. f3 {[%clk 1:08:05]} b5 {[%clk 1:19:48]}
14. a3 {[%clk 1:07:10]} hxg4 {[%clk 1:18:45]} 15. hxg4 {[%clk 1:07:27]} Re8
{[%clk 1:17:28]} 16. Qd2 {[%clk 1:04:47]} Ne5 {[%clk 1:17:27]} 17. b3
{[%clk 1:04:36]} a5 {[%clk 1:14:48]} 18. Ng3 {[%clk 0:36:34]} Rb8
{[%clk 1:13:39]} 19. Nce2 {[%clk 0:32:45]} b4 {[%clk 1:10:22]} 20. axb4
{[%clk 0:29:32]} axb4 {[%clk 1:10:42]} 21. Bd4 {[%clk 0:28:35]} c5
{[%clk 1:05:41]} 22. Be3 {[%clk 0:26:53]} d5 {[%clk 0:59:00]} 23. g5
{[%clk 0:20:50]} d4 {[%clk 0:58:40]} 24. Bf4 {[%clk 0:21:17]} Nh7
{[%clk 0:58:52]} 25. Bxe5 {[%clk 0:21:44]} Bxe5 {[%clk 0:58:56]} 26. f4
{[%clk 0:22:07]} d3 {[%clk 0:57:56]} 27. cxd3 {[%clk 0:20:56]} Bxa1
{[%clk 0:58:02]} 28. Rxa1 {[%clk 0:21:24]} Bb5 {[%clk 0:56:13]} 29. Rc1
{[%clk 0:07:43]} Qa6 {[%clk 0:45:46]} 30. Rxc5 {[%clk 0:06:43]} Bxd3
{[%clk 0:45:58]} 31. Rd5 {[%clk 0:06:49]} Bxe2 {[%clk 0:43:32]} 32. Nxe2
{[%clk 0:07:16]} Qa1+ {[%clk 0:41:14]} 33. Kh2 {[%clk 0:07:31]} Nf8
{[%clk 0:40:08]} 34. Nd4 {[%clk 0:04:04]} Qc3 {[%clk 0:36:13]} 35. Qf2
{[%clk 0:04:23]} Rbd8 {[%clk 0:33:13]} 36. f5 {[%clk 0:04:51]} Rxd5
{[%clk 0:33:04]} 37. exd5 {[%clk 0:05:20]} Qe3 {[%clk 0:32:27]} 38. Qxe3
{[%clk 0:03:40]} Rxe3 {[%clk 0:32:21]} 39. fxg6 {[%clk 0:01:49]} Nxg6
{[%clk 0:30:19]} 40. Bf1 {[%clk 0:31:07]} Ne5 {[%clk 0:58:13]} 41. Kg2
{[%clk 0:28:07]} Re4 {[%clk 0:57:46]} 42. Nc2 {[%clk 0:28:23]} Kf8
{[%clk 0:54:58]} 43. d6 {[%clk 0:25:58]} Rg4+ {[%clk 0:52:39]} 44. Kf2
{[%clk 0:26:09]} Rxg5 {[%clk 0:52:42]} 45. Nxb4 {[%clk 0:26:29]} Rg6
{[%clk 0:53:06]} 46. Ke3 {[%clk 0:15:08]} Rxd6 {[%clk 0:52:02]} 47. Nd3
{[%clk 0:15:29]} Nc6 {[%clk 0:49:05]} 48. Kd2 {[%clk 0:14:21]} Ke7
{[%clk 0:49:09]} 49. Kc3 {[%clk 0:14:26]} f5 {[%clk 0:49:21]} 50. b4
{[%clk 0:14:30]} Kf6 {[%clk 0:48:54]} 51. b5 {[%clk 0:11:32]} Ne5
{[%clk 0:48:53]} 52. Nxe5 {[%clk 0:06:41]} Kxe5 {[%clk 0:49:12]} 53. Bg2
{[%clk 0:06:51]} Rg6 {[%clk 0:43:43]} 54. Bc6 {[%clk 0:06:44]} Kd6
{[%clk 0:42:21]} 55. Kd4 {[%clk 0:05:42]} Rg4+ {[%clk 0:42:41]} 56. Kd3
{[%clk 0:05:22]} Rb4 {[%clk 0:43:01]} 57. Ke3 {[%clk 0:04:12]} f4+
{[%clk 0:42:55]} 58. Kf3 {[%clk 0:03:43]} Ke5 {[%clk 0:43:15]} 59. Kf2
{[%clk 0:04:06]} Rb3 {[%clk 0:40:36]} 60. Ke2 {[%clk 0:04:24]} Kf5
{[%clk 0:40:49]} 61. Kf2 {[%clk 0:04:17]} Kg5 {[%clk 0:39:21]} 62. Kg2
{[%clk 0:04:18]} Kh5 {[%clk 0:39:09]} 63. Kf2 {[%clk 0:04:06]} Kh4
{[%clk 0:38:59]} 64. Kg2 {[%clk 0:03:45]} Kg4 {[%clk 0:39:12]} 65. Bd7+
{[%clk 0:04:00]} Kg5 {[%clk 0:39:34]} 66. Bc6 {[%clk 0:04:27]} Kf5
{[%clk 0:38:07]} 67. Kf2 {[%clk 0:04:50]} Ke5 {[%clk 0:37:41]} 68. Ke2
{[%clk 0:04:49]} Rxb5 {[%clk 0:37:19]} 69. Bxb5 {[%clk 0:05:14]} 1/2-1/2

[Event "WCO 2016"]
[Site "?"]
[Date "2016.09.11"]
[Round "9"]
[Board "3"]
[WhiteID "3208923"]
[White "Smirnov Anton"]
[BlackID "13701525"]
[Black "Ismagambetov Anuar"]
[Result "1-0"]
[BlackElo "2542"]
[WhiteElo "2482"]
[LiveChessVersion "1.4.8"]

1. d4 {[%clk 1:29:56]} d5 {[%clk 1:29:52]} 2. c4 {[%clk 1:30:17]} c6
{[%clk 1:30:17]} 3. Nf3 {[%clk 1:30:42]} Nf6 {[%clk 1:30:41]} 4. Nc3
{[%clk 1:31:07]} a6 {[%clk 1:30:38]} 5. Qc2 {[%clk 1:30:28]} dxc4
{[%clk 1:25:22]} 6. e4 {[%clk 1:30:08]} b5 {[%clk 1:25:35]} 7. b3
{[%clk 1:30:25]} cxb3 {[%clk 1:24:29]} 8. axb3 {[%clk 1:30:46]} e6
{[%clk 1:22:52]} 9. Bd3 {[%clk 1:30:41]} Bb7 {[%clk 1:21:35]} 10. O-O
{[%clk 1:31:02]} Nbd7 {[%clk 1:21:23]} 11. e5 {[%clk 1:31:08]} Nd5
{[%clk 1:21:30]} 12. Nxd5 {[%clk 1:31:30]} cxd5 {[%clk 1:21:20]} 13. Bxh7
{[%clk 1:31:41]} Rc8 {[%clk 1:17:49]} 14. Qb1 {[%clk 1:32:05]} Bb4
{[%clk 1:16:03]} 15. Be3 {[%clk 1:20:23]} Qe7 {[%clk 1:11:22]} 16. Bd3
{[%clk 1:15:46]} f6 {[%clk 1:04:57]} 17. Ra2 {[%clk 1:07:47]} fxe5
{[%clk 0:51:12]} 18. Bg6+ {[%clk 1:06:45]} Kf8 {[%clk 0:51:31]} 19. dxe5
{[%clk 1:02:19]} d4 {[%clk 0:44:26]} 20. Bg5 {[%clk 0:55:15]} Qc5
{[%clk 0:44:45]} 21. Be4 {[%clk 0:53:30]} Nxe5 {[%clk 0:33:57]} 22. Nh4
{[%clk 0:53:53]} Bxe4 {[%clk 0:29:45]} 23. Qxe4 {[%clk 0:54:11]} Kg8
{[%clk 0:30:07]} 24. Re2 {[%clk 0:38:58]} Nf7 {[%clk 0:20:30]} 25. Qxe6
{[%clk 0:38:27]} Qc6 {[%clk 0:20:48]} 26. Qg4 {[%clk 0:35:37]} Nxg5
{[%clk 0:19:21]} 27. Qxg5 {[%clk 0:36:01]} Qf6 {[%clk 0:19:19]} 28. Qd5+
{[%clk 0:35:15]} Kh7 {[%clk 0:18:07]} 29. Re5 {[%clk 0:29:21]} g6
{[%clk 0:14:21]} 30. Qxd4 {[%clk 0:22:17]} Bc3 {[%clk 0:12:57]} 31. Qd7+
{[%clk 0:22:31]} Kh6 {[%clk 0:13:15]} 32. Nf5+ {[%clk 0:22:38]} 1-0

[Event "WCO 2016"]
[Site "?"]
[Date "2016.09.11"]
[Round "9"]
[Board "4"]
[WhiteID "13700669"]
[White "Kostenko Petr"]
[BlackID "3205207"]
[Black "Illingworth Max"]
[Result "0-1"]
[BlackElo "2458"]
[WhiteElo "2476"]
[LiveChessVersion "1.4.8"]

1. e4 {[%clk 1:30:47]} c5 {[%clk 1:30:55]} 2. Nf3 {[%clk 1:31:08]} e6
{[%clk 1:31:21]} 3. c4 {[%clk 1:31:23]} Nc6 {[%clk 1:31:43]} 4. Be2
{[%clk 1:31:48]} g5 {[%clk 1:29:52]} 5. d3 {[%clk 1:32:09]} g4 {[%clk 1:29:19]}
6. Nfd2 {[%clk 1:32:34]} h5 {[%clk 1:29:04]} 7. Nc3 {[%clk 1:27:02]} d6
{[%clk 1:26:07]} 8. h3 {[%clk 1:27:07]} Qf6 {[%clk 1:24:05]} 9. Nb3
{[%clk 1:21:37]} a6 {[%clk 1:17:15]} 10. Be3 {[%clk 1:18:34]} Bh6
{[%clk 1:17:09]} 11. Qd2 {[%clk 1:13:28]} gxh3 {[%clk 1:09:21]} 12. Rxh3
{[%clk 1:10:44]} h4 {[%clk 1:09:46]} 13. O-O-O {[%clk 1:09:32]} Bxe3
{[%clk 1:01:28]} 14. Qxe3 {[%clk 1:09:52]} Nge7 {[%clk 1:01:54]} 15. f4
{[%clk 0:36:14]} Bd7 {[%clk 0:58:01]} 16. Rf1 {[%clk 0:20:23]} b6
{[%clk 0:50:44]} 17. Bf3 {[%clk 0:12:14]} O-O-O {[%clk 0:49:09]} 18. Ne2
{[%clk 0:09:25]} Ng6 {[%clk 0:46:30]} 19. Rhh1 {[%clk 0:08:23]} a5
{[%clk 0:37:17]} 20. Na1 {[%clk 0:06:01]} Nd4 {[%clk 0:34:37]} 21. Bg4
{[%clk 0:05:54]} Nxe2+ {[%clk 0:34:03]} 22. Bxe2 {[%clk 0:06:21]} Qg7
{[%clk 0:31:28]} 23. Nc2 {[%clk 0:06:19]} e5 {[%clk 0:29:32]} 24. f5
{[%clk 0:02:45]} Nf4 {[%clk 0:29:56]} 25. Bf3 {[%clk 0:01:54]} Qg5
{[%clk 0:29:33]} 26. Kd1 {[%clk 0:01:53]} f6 {[%clk 0:28:55]} 27. Qd2
{[%clk 0:01:59]} Be8 {[%clk 0:27:08]} 28. Ne3 {[%clk 0:02:25]} Bf7
{[%clk 0:27:31]} 29. Kc2 {[%clk 0:02:17]} Rdg8 {[%clk 0:26:55]} 30. b3
{[%clk 0:01:25]} Qg3 {[%clk 0:24:07]} 31. Rfg1 {[%clk 0:01:07]} Bh5
{[%clk 0:21:57]} 32. Nf1 {[%clk 0:01:27]} Qg5 {[%clk 0:22:08]} 33. g4
{[%clk 0:01:03]} hxg3 {[%clk 0:20:28]} 34. Rxg3 {[%clk 0:01:09]} Qxg3
{[%clk 0:19:49]} 35. Nxg3 {[%clk 0:01:25]} Rxg3 {[%clk 0:20:10]} 36. Bxh5
{[%clk 0:00:50]} Rg2 {[%clk 0:20:03]} 37. Qxg2 {[%clk 0:00:56]} Nxg2
{[%clk 0:20:26]} 38. Kd2 {[%clk 0:01:10]} Kd8 {[%clk 0:18:45]} 39. a3
{[%clk 0:01:20]} Ke7 {[%clk 0:18:50]} 40. Kc3 {[%clk 0:31:10]} Nf4
{[%clk 0:47:21]} 41. Bf3 {[%clk 0:31:33]} Rxh1 {[%clk 0:42:42]} 42. Bxh1
{[%clk 0:31:06]} Ne2+ {[%clk 0:42:56]} 43. Kb2 {[%clk 0:30:41]} Nd4
{[%clk 0:42:54]} 44. Kc3 {[%clk 0:30:49]} Kf7 {[%clk 0:38:16]} 45. Bg2
{[%clk 0:31:04]} Kg7 {[%clk 0:38:30]} 46. Bh3 {[%clk 0:31:31]} Kh6
{[%clk 0:38:04]} 47. Bg4 {[%clk 0:31:56]} Kg5 {[%clk 0:37:54]} 48. Bd1
{[%clk 0:32:24]} Kf4 {[%clk 0:37:42]} 49. b4 {[%clk 0:32:38]} Ke3
{[%clk 0:29:49]} 50. bxa5 {[%clk 0:30:21]} bxa5 {[%clk 0:30:13]} 51. Ba4
{[%clk 0:27:39]} Ne2+ {[%clk 0:27:45]} 52. Kc2 {[%clk 0:28:00]} Nf4
{[%clk 0:26:54]} 53. Bc6 {[%clk 0:28:21]} Nxd3 {[%clk 0:26:40]} 54. Kb3
{[%clk 0:28:21]} Kd4 {[%clk 0:25:38]} 55. Bd5 {[%clk 0:24:48]} Nf2
{[%clk 0:24:05]} 56. Ka4 {[%clk 0:25:14]} Nxe4 {[%clk 0:23:58]} 57. Kxa5
{[%clk 0:24:22]} Nc3 {[%clk 0:24:12]} 58. Bf7 {[%clk 0:24:37]} e4
{[%clk 0:24:26]} 59. Kb6 {[%clk 0:25:05]} e3 {[%clk 0:24:36]} 60. Bh5
{[%clk 0:25:30]} Kxc4 {[%clk 0:24:32]} 61. Kc6 {[%clk 0:22:56]} d5
{[%clk 0:24:47]} 0-1

[Event "WCO 2016"]
[Site "?"]
[Date "2016.09.11"]
[Round "9"]
[Board "5"]
[WhiteID "1207822"]
[White "Lupulescu Constantin"]
[BlackID "1301837"]
[Black "Pelletier Yannick"]
[Result "1/2-1/2"]
[BlackElo "2555"]
[WhiteElo "2618"]
[LiveChessVersion "1.4.8"]

1. d4 {[%clk 1:30:58]} Nf6 {[%clk 1:30:48]} 2. c4 {[%clk 1:31:25]} e6
{[%clk 1:31:07]} 3. Nf3 {[%clk 1:31:51]} b6 {[%clk 1:31:07]} 4. e3
{[%clk 1:32:04]} Bb7 {[%clk 1:30:59]} 5. Nc3 {[%clk 1:32:26]} Bb4
{[%clk 1:26:42]} 6. Bd3 {[%clk 1:32:37]} O-O {[%clk 1:26:52]} 7. O-O
{[%clk 1:32:38]} c5 {[%clk 1:27:17]} 8. Na4 {[%clk 1:32:44]} cxd4
{[%clk 1:27:41]} 9. exd4 {[%clk 1:32:58]} Re8 {[%clk 1:28:05]} 10. a3
{[%clk 1:33:04]} Bf8 {[%clk 1:27:57]} 11. b4 {[%clk 1:33:24]} a5 {[%clk 1:10:48]}
12. b5 {[%clk 1:30:27]} d6 {[%clk 1:10:41]} 13. Bb2 {[%clk 1:29:54]} Nbd7
{[%clk 1:11:06]} 14. Rc1 {[%clk 1:29:12]} Rc8 {[%clk 1:11:19]} 15. Re1
{[%clk 1:28:44]} d5 {[%clk 0:57:14]} 16. Ne5 {[%clk 1:23:47]} Nxe5
{[%clk 0:51:13]} 17. dxe5 {[%clk 1:23:15]} Nd7 {[%clk 0:51:39]} 18. cxd5
{[%clk 1:12:33]} Bxd5 {[%clk 0:43:47]} 19. Rxc8 {[%clk 1:01:22]} Qxc8
{[%clk 0:44:13]} 20. Be4 {[%clk 1:01:09]} Bxe4 {[%clk 0:42:05]} 21. Rxe4
{[%clk 1:01:30]} Nc5 {[%clk 0:41:40]} 22. Nxc5 {[%clk 1:00:58]} Bxc5
{[%clk 0:39:26]} 23. Re2 {[%clk 1:00:32]} Rd8 {[%clk 0:34:50]} 24. Rd2
{[%clk 1:00:36]} Rxd2 {[%clk 0:35:14]} 25. Qxd2 {[%clk 1:01:04]} a4
{[%clk 0:26:45]} 26. Kf1 {[%clk 0:55:39]} g6 {[%clk 0:24:13]} 27. Ke2
{[%clk 0:52:49]} Qa8 {[%clk 0:20:57]} 28. f3 {[%clk 0:51:58]} Qf8
{[%clk 0:21:17]} 29. Qd3 {[%clk 0:48:49]} Qh6 {[%clk 0:21:14]} 30. Qd8+
{[%clk 0:34:40]} Kg7 {[%clk 0:21:40]} 31. Qf6+ {[%clk 0:35:03]} Kg8
{[%clk 0:22:06]} 32. Qd8+ {[%clk 0:35:22]} Kg7 {[%clk 0:22:33]} 33. Qf6+
{[%clk 0:35:01]} 1/2-1/2

[Event "WCO 2016"]
[Site "?"]
[Date "2016.09.11"]
[Round "9"]
[Board "6"]
[WhiteID "4692055"]
[White "Bogner Sebastian"]
[BlackID "1204297"]
[Black "Parligras Mircea-Emilian"]
[Result "1/2-1/2"]
[BlackElo "2595"]
[WhiteElo "2559"]
[LiveChessVersion "1.4.8"]

1. d4 {[%clk 1:30:57]} Nf6 {[%clk 1:30:50]} 2. c4 {[%clk 1:31:22]} e6
{[%clk 1:31:14]} 3. Nc3 {[%clk 1:31:36]} Bb4 {[%clk 1:31:35]} 4. e3
{[%clk 1:31:56]} O-O {[%clk 1:31:52]} 5. Bd3 {[%clk 1:32:21]} d5 {[%clk 1:32:05]}
6. Nf3 {[%clk 1:32:42]} c5 {[%clk 1:32:14]} 7. O-O {[%clk 1:33:06]} cxd4
{[%clk 1:32:10]} 8. exd4 {[%clk 1:33:30]} dxc4 {[%clk 1:32:36]} 9. Bxc4
{[%clk 1:33:52]} b6 {[%clk 1:33:01]} 10. Bg5 {[%clk 1:34:13]} Bb7
{[%clk 1:33:03]} 11. Ne5 {[%clk 1:34:05]} Nbd7 {[%clk 1:31:15]} 12. Nxd7
{[%clk 1:18:39]} Qxd7 {[%clk 1:31:33]} 13. Bxf6 {[%clk 1:19:04]} gxf6
{[%clk 1:31:52]} 14. d5 {[%clk 1:19:26]} Bxc3 {[%clk 1:30:59]} 15. bxc3
{[%clk 1:19:50]} Bxd5 {[%clk 1:21:10]} 16. Qg4+ {[%clk 1:19:58]} Kh8
{[%clk 1:21:36]} 17. Qh4 {[%clk 1:16:56]} Bxc4 {[%clk 1:14:22]} 18. Qxf6+
{[%clk 1:17:16]} Kg8 {[%clk 1:14:49]} 19. Qg5+ {[%clk 1:17:40]} Kh8
{[%clk 1:15:17]} 20. Qf6+ {[%clk 1:18:05]} Kg8 {[%clk 1:15:44]} 21. Qg5+
{[%clk 1:18:32]} Kh8 {[%clk 1:16:10]} 22. Qf6+ {[%clk 1:19:00]} Kg8
{[%clk 1:16:34]} 1/2-1/2

[Event "WCO 2016"]
[Site "?"]
[Date "2016.09.11"]
[Round "9"]
[Board "7"]
[WhiteID "1226380"]
[White "Deac Bogdan-Daniel"]
[BlackID "1300113"]
[Black "Georgiadis Nico"]
[Result "1/2-1/2"]
[BlackElo "2475"]
[WhiteElo "2524"]
[LiveChessVersion "1.4.8"]

1. e4 {[%clk 1:30:58]} c5 {[%clk 1:30:47]} 2. Nf3 {[%clk 1:31:22]} d6
{[%clk 1:31:08]} 3. Bb5+ {[%clk 1:31:28]} Nd7 {[%clk 1:31:29]} 4. O-O
{[%clk 1:31:46]} a6 {[%clk 1:31:35]} 5. Bd3 {[%clk 1:32:11]} Ngf6
{[%clk 1:30:57]} 6. Re1 {[%clk 1:23:15]} e5 {[%clk 1:27:58]} 7. c3
{[%clk 1:15:48]} Be7 {[%clk 1:27:09]} 8. Bc2 {[%clk 1:11:06]} b5 {[%clk 1:26:39]}
9. d4 {[%clk 1:11:29]} O-O {[%clk 1:24:07]} 10. d5 {[%clk 0:50:35]} c4
{[%clk 1:23:48]} 11. b4 {[%clk 0:49:42]} cxb3 {[%clk 1:21:08]} 12. axb3
{[%clk 0:50:03]} Qc7 {[%clk 1:13:17]} 13. Qe2 {[%clk 0:46:34]} Nb6
{[%clk 1:00:40]} 14. h3 {[%clk 0:42:54]} Nfd7 {[%clk 0:47:49]} 15. b4
{[%clk 0:42:01]} Nc4 {[%clk 0:46:13]} 16. Nfd2 {[%clk 0:39:21]} Nxd2
{[%clk 0:42:16]} 17. Bxd2 {[%clk 0:39:30]} Nb6 {[%clk 0:42:36]} 18. Na3
{[%clk 0:39:01]} Bd7 {[%clk 0:31:43]} 19. Rec1 {[%clk 0:32:28]} Rfc8
{[%clk 0:30:59]} 20. Bd3 {[%clk 0:23:36]} Nc4 {[%clk 0:29:08]} 21. Nxc4
{[%clk 0:23:57]} bxc4 {[%clk 0:29:30]} 22. Bc2 {[%clk 0:24:21]} a5
{[%clk 0:28:36]} 23. bxa5 {[%clk 0:16:08]} Rxa5 {[%clk 0:29:00]} 24. Qf1
{[%clk 0:16:31]} Rca8 {[%clk 0:23:30]} 25. Rxa5 {[%clk 0:13:19]} Rxa5
{[%clk 0:23:52]} 26. Ra1 {[%clk 0:13:42]} Bb5 {[%clk 0:23:20]} 27. Be3
{[%clk 0:13:55]} h6 {[%clk 0:21:01]} 28. Qc1 {[%clk 0:14:07]} Qd8
{[%clk 0:12:41]} 29. Bd1 {[%clk 0:08:50]} Rxa1 {[%clk 0:04:13]} 30. Qxa1
{[%clk 0:09:14]} Bg5 {[%clk 0:04:38]} 31. Qa7 {[%clk 0:08:05]} Bxe3
{[%clk 0:05:03]} 32. fxe3 {[%clk 0:08:10]} g6 {[%clk 0:03:31]} 33. Bf3
{[%clk 0:06:03]} h5 {[%clk 0:03:37]} 34. Kf1 {[%clk 0:06:20]} Kg7
{[%clk 0:03:22]} 35. Ke2 {[%clk 0:05:23]} Qd7 {[%clk 0:02:34]} 36. Qb8
{[%clk 0:00:47]} Ba4 {[%clk 0:02:33]} 37. Kd2 {[%clk 0:00:42]} Bb3
{[%clk 0:02:44]} 38. Qa8 {[%clk 0:00:41]} Qe7 {[%clk 0:01:36]} 39. Qa6
{[%clk 0:01:01]} Qc7 {[%clk 0:00:53]} 40. g4 {[%clk 0:30:36]} hxg4
{[%clk 0:30:43]} 41. hxg4 {[%clk 0:31:00]} Kf6 {[%clk 0:24:27]} 42. Be2
{[%clk 0:25:37]} Qc5 {[%clk 0:20:45]} 43. Bf3 {[%clk 0:25:51]} Kg5
{[%clk 0:15:08]} 44. Be2 {[%clk 0:26:14]} f6 {[%clk 0:09:17]} 45. Bf3
{[%clk 0:26:15]} Qc7 {[%clk 0:03:28]} 1/2-1/2

[Event "WCO 2016"]
[Site "?"]
[Date "2016.09.11"]
[Round "9"]
[Board "8"]
[WhiteID "1301764"]
[White "Forster Richard"]
[BlackID "1200020"]
[Black "Marin Mihail"]
[Result "1/2-1/2"]
[BlackElo "2572"]
[WhiteElo "2459"]
[LiveChessVersion "1.4.8"]

1. Nf3 {[%clk 1:30:56]} Nf6 {[%clk 1:30:39]} 2. g3 {[%clk 1:31:05]} g6
{[%clk 1:28:23]} 3. b4 {[%clk 1:30:16]} Bg7 {[%clk 1:28:31]} 4. Bb2
{[%clk 1:30:41]} O-O {[%clk 1:28:48]} 5. Bg2 {[%clk 1:31:05]} d6 {[%clk 1:27:49]}
6. O-O {[%clk 1:28:30]} e5 {[%clk 1:24:19]} 7. c4 {[%clk 1:27:43]} Nh5
{[%clk 1:24:20]} 8. e4 {[%clk 1:20:00]} a5 {[%clk 1:13:36]} 9. b5
{[%clk 1:13:08]} Nd7 {[%clk 1:12:28]} 10. d4 {[%clk 1:13:15]} exd4
{[%clk 1:04:57]} 11. Bxd4 {[%clk 1:13:26]} Nc5 {[%clk 1:04:23]} 12. Nc3
{[%clk 1:11:24]} Be6 {[%clk 0:58:35]} 13. Bxg7 {[%clk 1:07:23]} Nxg7
{[%clk 0:58:56]} 14. Qd4 {[%clk 1:03:58]} f6 {[%clk 0:52:52]} 15. Rfe1
{[%clk 0:54:18]} Qd7 {[%clk 0:51:35]} 16. Nd5 {[%clk 0:42:42]} Bxd5
{[%clk 0:45:56]} 17. Qxd5+ {[%clk 0:42:09]} Kh8 {[%clk 0:42:14]} 18. Rad1
{[%clk 0:38:16]} Rad8 {[%clk 0:42:15]} 19. e5 {[%clk 0:36:28]} fxe5
{[%clk 0:34:11]} 20. Nxe5 {[%clk 0:36:42]} Qf5 {[%clk 0:34:27]} 21. Nd3
{[%clk 0:33:34]} b6 {[%clk 0:34:22]} 22. Qxf5 {[%clk 0:30:04]} Nxf5
{[%clk 0:30:08]} 23. Nf4 {[%clk 0:29:58]} Rde8 {[%clk 0:22:42]} 24. Nd5
{[%clk 0:27:02]} Rxe1+ {[%clk 0:22:29]} 25. Rxe1 {[%clk 0:27:31]} Rf7
{[%clk 0:22:50]} 26. Re8+ {[%clk 0:22:23]} Kg7 {[%clk 0:23:15]} 27. f4
{[%clk 0:21:13]} Nd4 {[%clk 0:19:02]} 28. Ne3 {[%clk 0:10:00]} Rf8
{[%clk 0:17:23]} 29. Re7+ {[%clk 0:10:19]} Rf7 {[%clk 0:17:49]} 30. Re8
{[%clk 0:10:43]} Rf8 {[%clk 0:18:16]} 31. Re7+ {[%clk 0:06:52]} Rf7
{[%clk 0:18:38]} 32. Re8 {[%clk 0:07:07]} 1/2-1/2

[Event "WCO 2016"]
[Site "?"]
[Date "2016.09.11"]
[Round "9"]
[Board "5"]
[WhiteID "1710400"]
[White "Grandelius Nils"]
[BlackID "2107139"]
[Black "Fier Alexandr"]
[Result "1/2-1/2"]
[BlackElo "2634"]
[WhiteElo "2641"]
[LiveChessVersion "1.4.8"]

1. Nf3 {[%clk 1:30:29]} c5 {[%clk 1:30:21]} 2. c4 {[%clk 1:30:27]} Nf6
{[%clk 1:30:45]} 3. Nc3 {[%clk 1:30:15]} d5 {[%clk 1:31:12]} 4. cxd5
{[%clk 1:30:25]} Nxd5 {[%clk 1:31:37]} 5. e3 {[%clk 1:28:57]} Nxc3
{[%clk 1:32:02]} 6. bxc3 {[%clk 1:29:21]} g6 {[%clk 1:32:29]} 7. Bb5+
{[%clk 1:29:35]} Nd7 {[%clk 1:31:12]} 8. Ba3 {[%clk 1:28:17]} a6 {[%clk 1:26:21]}
9. Bxd7+ {[%clk 1:25:39]} Bxd7 {[%clk 1:24:06]} 10. Bxc5 {[%clk 1:24:12]} Qc7
{[%clk 1:19:58]} 11. Ba3 {[%clk 1:07:47]} Bb5 {[%clk 1:18:50]} 12. Rc1
{[%clk 0:47:47]} Qc4 {[%clk 1:00:47]} 13. Nd4 {[%clk 0:47:20]} Ba4
{[%clk 0:54:57]} 14. Qf3 {[%clk 0:42:49]} Qxa2 {[%clk 0:43:34]} 15. Qxb7
{[%clk 0:42:08]} Rd8 {[%clk 0:44:02]} 16. O-O {[%clk 0:37:59]} Qc4
{[%clk 0:40:21]} 17. Rb1 {[%clk 0:31:48]} Bd7 {[%clk 0:40:33]} 18. Rb6
{[%clk 0:27:53]} e5 {[%clk 0:35:19]} 19. Bxf8 {[%clk 0:24:23]} Kxf8
{[%clk 0:35:45]} 20. Nc6 {[%clk 0:24:42]} Bxc6 {[%clk 0:33:25]} 21. Rxc6
{[%clk 0:25:11]} Qd5 {[%clk 0:33:14]} 22. d4 {[%clk 0:25:18]} exd4
{[%clk 0:33:42]} 23. cxd4 {[%clk 0:25:41]} a5 {[%clk 0:34:09]} 24. Qa6
{[%clk 0:24:06]} Kg7 {[%clk 0:34:00]} 25. Rc5 {[%clk 0:24:29]} Ra8
{[%clk 0:34:28]} 26. Qd3 {[%clk 0:21:21]} Qa2 {[%clk 0:34:40]} 27. Rc2
{[%clk 0:19:38]} Qa4 {[%clk 0:35:07]} 28. Rfc1 {[%clk 0:15:40]} Rhb8
{[%clk 0:35:34]} 29. h4 {[%clk 0:15:06]} Qb5 {[%clk 0:36:01]} 30. Qe4
{[%clk 0:13:54]} a4 {[%clk 0:32:53]} 31. Rc5 {[%clk 0:13:32]} Qe2
{[%clk 0:33:20]} 32. Rc7 {[%clk 0:12:30]} Rf8 {[%clk 0:32:20]} 33. R7c2
{[%clk 0:10:32]} Qa6 {[%clk 0:31:56]} 34. h5 {[%clk 0:09:52]} Qe6
{[%clk 0:28:00]} 35. Qxe6 {[%clk 0:06:24]} fxe6 {[%clk 0:28:26]} 36. hxg6
{[%clk 0:06:48]} hxg6 {[%clk 0:28:53]} 37. Ra1 {[%clk 0:07:11]} Rfb8
{[%clk 0:28:21]} 38. Ra3 {[%clk 0:05:54]} Rb3 {[%clk 0:27:01]} 39. Rxb3
{[%clk 0:04:31]} axb3 {[%clk 0:27:30]} 40. Rc7+ {[%clk 0:34:53]} Kf6
{[%clk 0:57:57]} 41. Rb7 {[%clk 0:35:17]} Ra1+ {[%clk 0:58:25]} 42. Kh2
{[%clk 0:32:03]} Rb1 {[%clk 0:56:49]} 43. Kg3 {[%clk 0:30:31]} g5
{[%clk 0:57:10]} 44. Kf3 {[%clk 0:29:14]} Rb2 {[%clk 0:55:31]} 45. g4
{[%clk 0:28:47]} Kg6 {[%clk 0:55:27]} 46. Ke4 {[%clk 0:20:42]} Rxf2
{[%clk 0:55:32]} 47. Rxb3 {[%clk 0:21:07]} Kf6 {[%clk 0:55:04]} 48. Rb1
{[%clk 0:20:50]} Ra2 {[%clk 0:54:41]} 49. Rf1+ {[%clk 0:17:47]} Ke7
{[%clk 0:54:35]} 50. Rc1 {[%clk 0:16:53]} Kf6 {[%clk 0:54:21]} 51. Rc6
{[%clk 0:17:15]} Ra4 {[%clk 0:53:41]} 52. Kd3 {[%clk 0:16:42]} Ra3+
{[%clk 0:53:59]} 53. Ke4 {[%clk 0:15:32]} Ra4 {[%clk 0:54:21]} 54. Rd6
{[%clk 0:12:35]} Rb4 {[%clk 0:52:07]} 55. Ra6 {[%clk 0:13:00]} Ke7
{[%clk 0:51:46]} 56. Ra7+ {[%clk 0:12:17]} Kf6 {[%clk 0:50:43]} 57. Ra5
{[%clk 0:12:26]} Rc4 {[%clk 0:39:10]} 58. Kd3 {[%clk 0:12:42]} Rc1
{[%clk 0:39:39]} 59. e4 {[%clk 0:09:16]} Rg1 {[%clk 0:40:06]} 60. e5+
{[%clk 0:09:42]} Kf7 {[%clk 0:40:29]} 61. Ra7+ {[%clk 0:10:07]} Kf8
{[%clk 0:40:45]} 62. Kc4 {[%clk 0:10:12]} Rxg4 {[%clk 0:41:12]} 63. Kc5
{[%clk 0:10:34]} Re4 {[%clk 0:41:37]} 64. Ra4 {[%clk 0:10:50]} Ke7
{[%clk 0:41:23]} 65. Ra7+ {[%clk 0:11:19]} Kf8 {[%clk 0:41:49]} 66. Kd6
{[%clk 0:06:59]} Rxd4+ {[%clk 0:42:09]} 67. Kxe6 {[%clk 0:07:28]} Rf4
{[%clk 0:40:17]} 68. Kd5 {[%clk 0:06:52]} g4 {[%clk 0:39:56]} 69. e6
{[%clk 0:06:34]} Ke8 {[%clk 0:39:46]} 70. Rg7 {[%clk 0:06:40]} Rf1
{[%clk 0:39:55]} 71. Rxg4 {[%clk 0:07:06]} Rd1+ {[%clk 0:40:22]} 72. Rd4
{[%clk 0:07:33]} Rxd4+ {[%clk 0:40:48]} 73. Kxd4 {[%clk 0:07:59]} Ke7
{[%clk 0:41:16]} 1/2-1/2